| 000 | 01216nam a2200325 c 4500 | ||
|---|---|---|---|
| 003 | BLK | ||
| 005 | 20180422112044.0 | ||
| 008 | 180409b bul|||||r ||||||| ||bul|| | ||
| 010 | _aKNG00143384000 | ||
| 020 |
_a954-468-001-2 _bиздат.: Златорог |
||
| 040 | _aBLK | ||
| 041 |
_aBUL _cBUL |
||
| 080 |
_aАнглийска литература _b821.111 _x-31 _z821.111-31 |
||
| 100 | 1 |
_aКолинс, Уилки _eпърви автор _9241640 |
|
| 700 | 1 |
_aШипковенска, Мариана _eпрев. от англ. _9376518 |
|
| 139 |
_aКолинс, Уилки _bК 78 |
||
| 245 | 1 | 0 |
_aЖената в бяло _bРоман _cУилки Колинс; прев. от англ. Мариана Шипковенска. |
| 250 | _a3. изд. | ||
| 257 | _aGBR | ||
| 260 |
_аСофия _bЗлаторог _c1991 |
||
| 300 |
_a464 с. _c21 см |
||
| 380 | _aX | ||
| 500 | _aОриг. загл. The Woman In White / Willkie Collins. - 1. изд. 1983 на изд. Нар. култура. - 60 000 тир. | ||
| 653 | _aромани | ||
| 852 | _aЦб 167062 | ||
| 856 | 4 |
_qpdf _u |
|
| 856 | 4 |
_qpdf _u |
|
| 942 |
_cKNG _n0 |
||
| 944 |
_aCR _c03.06.2013 _lф / _kЛюдмила_Стоянова |
||
| 944 |
_aED _c13.06.2013 _lф / _k |
||
| 999 |
_c137414 _d137414 |
||